000 00240nam a2200097Ia 4500
001 771075
005 20250826165708.0
008 250824s9999 xx 000 0 und d
245 0 _aİBNİ SİNA
_cHASAN YİĞİT
260 _bMAVİÇATI YAYINLARI
999 _c771075
_d771075